000 00958nam a2200289 i 4500
003 EG-GICUC
005 20260514190703.0
008 260514s1981 fr f|||| 00|00bbfredd
040 _aEG-GiCUC
_bfre
_cEG-GiCUC
_dEG-GiCUC
_eRda
041 0 _afre
082 0 4 _221
_a345.32
_bSE
092 0 4 _221
099 _aLaw1 07 345.32 SE 1981 0705092 C1
245 0 0 _aService Public Et Libertés :
_bMelange Offerts AU Professeur Robert-édouard Charlie.
264 1 _aParis :
_bÉditions De L'université Et De L'enseignement Moderne,
_c1981.
300 _a895 page ;
_c 24 cm.
336 _2rda contenu
_a texte
337 _2rda medias
_aOrdinateur
338 _2 transporteur rda
_a Ressource en ligne
546 _aTexte en français
650 1 4 _aDroit administratif
_2qrmak
650 1 4 _aÉquipements publics
_2qrmak
651 1 _2qrmak
856 4 0 _uhttps://fll.law.cu.edu.eg/fulltext/bks/B07-05092.pdf
905 _a164
942 _2ddc
_cBK
_e21
_n0
999 _c76910
_d76910